000 00344nam a2200145Ia 4500
008 210210b1971 xxu||||| |||| 00| 0 eng d
020 _a0 1402 1332 5
082 _a410 CRYL
100 _aCRYSTAL (David).
245 _aLinguistics.
260 _aEngland.
_bPenguin Books
_c1971
300 _a267
690 _aLinguistics
906 _aSG00627
999 _c112117
_d112117